The Simpsons Spouses Quiz Stats

 Plays Quiz Updated Jan 18, 2019

Score 0/10 Timer 04:00
8 Plays Today
Husband Wife % Correct
Homer SimpsonMarge Simpson
99.6%
Ned FlandersMaude Flanders
82.1%
Reverend Timothy LovejoyHelen Lovejoy
53.1%
Abraham SimpsonMona Simpson
52.3%
Kirk van HoutenLuann van Houten
46.8%
Apu NahasapeemapetilonManjula Nahasapeemapetilon
42.5%
Chief WiggumSarah Wiggum
30.4%
Dr. Julius HibbertBernice Hibbert
10.3%
Kent BrockmanStephanie Brockman
7%
Sideshow Melvin van HorneBarbara van Horne
6.7%

You're not logged in!

Compare scores with friends on all Sporcle quizzes.
OR
Log In

Sporcle TV

Today on Sporcle TV


Watch our educational content, quiz creation guides, and fun videos on Sporcle TV.

Show Comments

Extras

Top Quizzes Today


Score Distribution

Your Account Isn't Verified!

In order to create a playlist on Sporcle, you need to verify the email address you used during registration. Go to your Sporcle Settings to finish the process.

Report this User

Report this user for behavior that violates our Community Guidelines.

Details: